Chiapas : fundamentos psicológicos de una guerra contemporánea : ahora apuestan al cansancio___ /
Descripción de las consecuencias psicosociales y comunitarias de la Guerra de Chiapas, con sus procesos de desgaste y represión, que sufre la población indígena de dicho estado del sureste mexicano, apoyada fundamentalmente en testimonios de los protagonistas del conflicto recogidos en el período 19...
Gespeichert in:
| 1. Verfasser: | |
|---|---|
| Weitere Verfasser: | , |
| Format: | Buch |
| Sprache: | Spanisch |
| Veröffentlicht: |
México : España :
Centro de Derechos Humanos Miguel Agustín Pro Juárez ; Grupo de Acción Comunitaria,
2002, c2002
|
| Schlagworte: | |
| Tags: |
Keine Tags, Fügen Sie das erste Tag hinzu!
|
MARC
| LEADER | 00000nam^a2200000^a^4500 | ||
|---|---|---|---|
| 001 | 000142195 | ||
| 005 | 20250521000000.0 | ||
| 009 | 20260310095639.612 | ||
| 020 | |a 84-88949-41-3 | ||
| 037 | |a Acervo ITESO - Biblioteca | ||
| 041 | |a ESP | ||
| 082 | |a 320. 9720640 |b PER | ||
| 100 | |a Pérez Sales, Pau |e (autor) | ||
| 245 | 1 | 0 | |a Chiapas : |b fundamentos psicológicos de una guerra contemporánea : ahora apuestan al cansancio___ / |c P. Pérez Sales, C. Santiago Vera, R. Alvarez Díaz. |
| 264 | 4 | |a México : |b Centro de Derechos Humanos Miguel Agustín Pro Juárez ; |a España : |b Grupo de Acción Comunitaria, |c 2002, c2002 | |
| 300 | |a 295 p. | ||
| 336 | |a texto |b txt |2 rdacontenido | ||
| 337 | |a sin mediación |b n |2 rdamedio | ||
| 338 | |a volumen |b nc |2 rdasoporte | ||
| 520 | |a Descripción de las consecuencias psicosociales y comunitarias de la Guerra de Chiapas, con sus procesos de desgaste y represión, que sufre la población indígena de dicho estado del sureste mexicano, apoyada fundamentalmente en testimonios de los protagonistas del conflicto recogidos en el período 1994-2000. | ||
| 649 | |a XX | ||
| 650 | |a Indígenas de México - |z Chiapas - |x Condiciones Psicológicas | ||
| 650 | |a Indígenas de México - |z Chiapas - |x Condiciones Políticas | ||
| 650 | |a Guerra de Chiapas, 1994 - |x Aspectos Psicológicos - |x Tema Principal | ||
| 650 | |a Violencia Política - |z Chiapas - |x Aspectos Psicológicos | ||
| 650 | |a Violencia Política - |z México - |x Aspectos Psicológicos | ||
| 650 | |a Violencia Política - |x Aspectos Psicológicos | ||
| 650 | |a Represión - |z Chiapas - |x Aspectos Psicológicos | ||
| 650 | |a Represión - |z México - |x Aspectos Psicológicos | ||
| 650 | |a Movimientos Indígenas - |z Chiapas - |x Historia | ||
| 650 | |a Movimientos Indígenas - |z México - |x Historia | ||
| 650 | |a Movimientos Políticos - |z Chiapas - |x Historia | ||
| 650 | |a Movimientos Políticos - |z México - |x Historia | ||
| 650 | |a Movimientos Sociales - |z Chiapas - |x Historia | ||
| 650 | |a Movimientos Sociales - |z México - |x Historia | ||
| 650 | |a Chiapas - |x Condiciones Políticas | ||
| 650 | |a Política - |z Chiapas - |x Historia - |y 1994-2000 | ||
| 650 | |a Política - |z Chiapas - |x Historia - |y Siglo XX | ||
| 650 | |a México - |x Condiciones Políticas | ||
| 650 | |a Política - |z México - |x Historia - |y 1994-2000 | ||
| 650 | |a Política - |z México - |x Historia - |y Siglo XX | ||
| 650 | |a Psicología Política | ||
| 650 | |a Psicología Social | ||
| 700 | |a Santiago Vera, Cecilia |e (autor) | ||
| 700 | |a Alvarez Díaz, Rafael |e (autor) | ||
| 910 | |a Fondo General | ||
| 920 | |a Impresos - Libros | ||
| 930 | |a Colección General | ||
| 905 | |a 101 | ||
| 901 | |a 0500070944 |b IT1 |c ACC |u 20250521 | ||
| 902 | |a https://opac.biblio.iteso.mx/vufind/Record/000142195 | ||